[Event "FRA-chT3 0304"]
[Site "Franconville"]
[Date "2004.01.18"]
[Round "5.8"]
[White "Kahia, Bechir"]
[Black "Arnaud, Nicolas"]
[Result "0-1"]
[WhiteElo "1890"]
[BlackElo "2106"]
[PlyCount "84"]
[EventDate "2004.10.10"]
[EventType "team"]
[EventRounds "9"]
[EventCountry "FRA"]
[SourceTitle "EXT 2007"]
[Source "ChessBase"]
[SourceDate "2006.11.23"]
[SourceVersion "1"]
[SourceVersionDate "2006.11.23"]
[SourceQuality "1"]

1. e4 c5 2. Nf3 d6 3. d4 cxd4 4. Nxd4 Nf6 5. Nc3 g6 6. Be3 Bg7 7. f3 Nc6 8. Qd2 0-0 9. Be2 d5 10. Rd1 dxe4 11. Nxe4 Nxe4 12. fxe4 Nxd4 13. Bxd4 Bxd4 14. Qxd4 Qc7 15. 0-0 Be6 16. Bd3 Rfd8 17. Qf2 Qe5 18. b3 Qd4 19. c4 b6 20. h3 Kg7 21. Be2 Qxf2+ 22. Kxf2 Kf6 23. Ke3+ Ke5 24. Rf3 a5 25. Rg3 f6 26. h4 Rxd1 27. Bxd1 a4 28. Kd3 Rd8+ 29. Kc2 Rd4 30. Re3 Rxe4 31. Rxe4+ Kxe4 32. Kc3 axb3 33. axb3 Bd7 34. h5 Ke3 35. h6 e5 36. b4 Kf4 37. c5 bxc5 38. bxc5 Bc6 39. Bf3 e4 40. Be2 Ke3 41. Bc4 Kf2 42. Bf7 e3 0-1